000 00456nam a2200181Ia 4500
001 23650
005 20260414150951.0
008 260414t2013||||xx |||||||||||||| ||spa||
041 _aESP
082 _a681.51
_bP54
100 _aPiedrafita Moreno, Ramón
_eAUT
245 0 _aIngeniería de la automatización industrial
_b
260 _c2013
300 _axxiv. 685 páginas :
_c23 cm.
650 _aTCA
654 _aCII
942 _cLIB
_dJUS
_fJUS
_2ddc
_n
999 _c23650
_d23650